Fr. Conceicao Rodrigues College of Engineering

Artificial intelligence:rational approach (Record no. 22197)

MARC details
000 -LEADER
fixed length control field 00291nam a2200145Ia 4500
082 ## - DEWEY DECIMAL CLASSIFICATION NUMBER
Item number DEV
100 ## - MAIN ENTRY--PERSONAL NAME
Personal name Deva/Rahul
245 ## - TITLE STATEMENT
Title Artificial intelligence:rational approach
260 ## - PUBLICATION, DISTRIBUTION, ETC.
Name of publisher, distributor, etc. Oreilly
Date of publication, distribution, etc. 2014
300 ## - PHYSICAL DESCRIPTION
Extent 395
546 ## - LANGUAGE NOTE
Language note ENGLISH
650 ## - SUBJECT ADDED ENTRY--TOPICAL TERM
Topical term or geographic name entry element AI
942 ## - ADDED ENTRY ELEMENTS (KOHA)
Koha item type BOOK
Holdings
Withdrawn status Lost status Damaged status Not for loan Collection Home library Current library Date acquired Source of acquisition Cost, normal purchase price Inventory number Total Checkouts Full call number Barcode Date last seen Cost, replacement price Price effective from Koha item type
        CRC Fr. Agnel's C.Rodrigues College of Engineering Fr. Agnel's C.Rodrigues College of Engineering 17/03/2023 Shroff Publishers 600.00 4112 dt 20.01.2018   DEV 25055 17/03/2023 600.00   BOOK